| 000 | 00849nam a2200265Ia 4500 | ||
|---|---|---|---|
| 005 | 20230904112524.0 | ||
| 008 | 210716s2016 xx 000 0 und d | ||
| 020 | _a9788126563234 | ||
| 040 | _cAIMIT LIBRARY | ||
| 041 | _aeng | ||
| 082 |
_a005.13 _21 _bANDJ |
||
| 100 |
_aAnderson, Jeremy. _9132504 |
||
| 245 |
_aProfessional clojure / _cBy Jeremy Anderson...[et.al]. |
||
| 250 | _a1st ed. | ||
| 260 |
_aNew Delhi : _bWiley India Pvt Ltd , _c2016. |
||
| 300 |
_axxi,242p. ; _bPB _c24 cm. |
||
| 650 |
_aRapid feedback cycles with clojure _9132505 |
||
| 650 |
_aReactive web pages in clojurescript _9132506 |
||
| 650 |
_aWeb services _9132507 |
||
| 700 |
_aGaare, Michael. _9132508 |
||
| 700 |
_aHolguin, Justin. _9132509 |
||
| 700 |
_aBailey, Nick. _9132510 |
||
| 700 |
_aPratley, Timothy. _9132511 |
||
| 942 |
_2ddc _cBK _e1st ed. _k005.13 ANDJ |
||
| 999 |
_c195647 _d195647 |
||